| Tag |
First Indicator |
Second Indicator |
Subfields |
| LEADER |
00000nam a2200000Ia 4500 |
| 001 |
in00004338317 |
| 005 |
20200812094431.0 |
| 006 |
m g d |
| 007 |
cr bn |||a|bb| |
| 008 |
101202s1663 enk o 000 0 eng d |
| 040 |
|
|
|a UMI
|c UMI
|e dcrb
|
| 035 |
|
|
|a (OCoLC)688636056
|
| 037 |
|
|
|a CL0037000135
|b ProQuest, 789 E. Eisenhower Parkway, Ann Arbor, MI 48108-3218
|
| 043 |
|
|
|a e-uk-en
|
| 090 |
|
|
|a BX5107
|b .E8 1663
|
| 049 |
|
|
|a UMIA
|
| 110 |
1 |
|
|a Church of England.
|b Diocese of Exeter.
|b Bishop (1662-1667 : Ward)
|
| 245 |
1 |
0 |
|a Articles of visitation & enquiry concerning matters ecclesiastical :
|b exhibited to the ministers, church wardens, and side-men of every parish within the Diocese of Exeter. In the episcopal visitation of the Right Reverend father in God Seth by divine providence Lord Bishop of Exeter.
|
| 246 |
3 |
|
|a Articles of visitation and enquiry concerning matters ecclesiastical
|
| 260 |
|
|
|a London :
|b Printed for T. Garthwait at the Kings-head in S. Pauls Church-yard,
|c M. DC. LXIII. [1663]
|
| 300 |
|
|
|a 1 online resource (12 pages)
|
| 336 |
|
|
|a text
|b txt
|2 rdacontent
|
| 337 |
|
|
|a computer
|b c
|2 rdamedia
|
| 338 |
|
|
|a online resource
|b cr
|2 rdacarrier
|
| 500 |
|
|
|a Imperfect: pages cropped with some loss of text.
|
| 500 |
|
|
|a Reproduction of original in: Beinecke Rare Book and Manuscript Library.
|
| 510 |
4 |
|
|a Wing (2nd edition)
|c C4041A
|
| 533 |
|
|
|a Electronic reproduction.
|b Ann Arbor, Mich. :
|c UMI,
|d 1999-
|f (Early English books online)
|n Digital version of: (Early English Books, 1641-1700 ; 2990:32)
|7 s1999 miun s
|
| 610 |
2 |
0 |
|a Church of England
|b Diocese of Exeter
|v Early works to 1800.
|
| 610 |
2 |
0 |
|a Church of England
|v Pastoral letters and charges
|v Early works to 1800.
|
| 650 |
|
0 |
|a Visitations, ecclesiastical
|z England
|v Early works to 1800.
|
| 700 |
1 |
|
|a Ward, Seth,
|d 1617-1689.
|
| 830 |
|
0 |
|a Early English books online.
|
| 856 |
4 |
0 |
|u http://proxy.library.tamu.edu/login?url=https://search.proquest.com/docview/2240862561
|z Connect to the full text of this electronic book
|t 0
|
| 994 |
|
|
|a 02
|b UMI
|
| 999 |
f |
f |
|s cf786bb6-b1d9-3126-a324-33b25a2ec4af
|i a20ca16b-8c4d-3849-8f81-b220047ff126
|t 0
|
| 952 |
f |
f |
|a Texas A&M University
|b College Station
|c Electronic Resources
|d Available Online
|t 0
|e BX5107 .E8 1663
|h Library of Congress classification
|
| 998 |
f |
f |
|a BX5107 .E8 1663
|t 0
|l Available Online
|